[Event "Frankfurt-ch"]
[Site "Frankfurt"]
[Date "2009.05.04"]
[Round "2"]
[White "Schwenkreis, Thomas"]
[Black "Matthis, Peter"]
[Result "1-0"]
[WhiteElo "2041"]
[BlackElo "1843"]
[PlyCount "79"]
[EventDate "2009.04.27"]
[EventType "tourn"]
[EventRounds "7"]
[EventCountry "GER"]
[SourceTitle "EXT 2010"]
[Source "ChessBase"]
[SourceDate "2010.11.25"]
[SourceVersion "1"]
[SourceVersionDate "2010.11.25"]
[SourceQuality "1"]

1. e4 c6 2. d4 d5 3. e5 Bf5 4. Bd3 Bxd3 5. Qxd3 e6 6. Ne2 Qb6 7. f4 c5 8. c3 Nc6 9. a3 c4 10. Qc2 Nge7 11. 0-0 Na5 12. Nd2 Nec6 13. Nf3 g6 14. Be3 Ne7 15. Bf2 h6 16. h3 0-0-0 17. Nd2 Nec6 18. Rab1 Nb3 19. Nf3 Be7 20. Nh2 Rdg8 21. Ng4 Qd8 22. Ne3 f6 23. exf6 Bxf6 24. Rbe1 g5 25. Kh1 h5 26. fxg5 Bxg5 27. Ng1 Rh6 28. Nf3 Rhg6 29. Re2 Qf6 30. Qd1 Qg7 31. Rg1 b6 32. Nxg5 Rxg5 33. Bh4 Rg6 34. Rf2 Nba5 35. Rgf1 Qh6 36. Qe2 Nb7 37. Rf6 Nd6 38. Nxd5 exd5 39. Qe6+ Kb7 40. Qxd6 1-0

[Event "Frankfurt-ch"]
[Site "Frankfurt"]
[Date "2008.06.16"]
[Round "7"]
[White "Muehlbach, Christian"]
[Black "Matthis, Peter"]
[Result "1/2-1/2"]
[WhiteElo "1474"]
[BlackElo "1775"]
[PlyCount "43"]
[EventDate "2008.04.28"]
[EventType "swiss"]
[EventRounds "7"]
[EventCountry "GER"]
[SourceTitle "EXT 2009"]
[Source "ChessBase"]
[SourceDate "2008.11.26"]
[SourceVersion "1"]
[SourceVersionDate "2008.11.26"]
[SourceQuality "1"]

1. e4 c6 2. d4 d5 3. Nc3 dxe4 4. Nxe4 Bf5 5. Ng3 Bg6 6. h4 h6 7. Nf3 Nd7 8. Bd3 Bxd3 9. Qxd3 e6 10. Bf4 Qa5+ 11. Bd2 Qc7 12. Ne4 Ngf6 13. 0-0-0 0-0-0 14. Rhe1 Nxe4 15. Qxe4 Nf6 16. Qe2 Bd6 17. Kb1 Rhf8 18. Qc4 Bf4 19. Qb3 Bxd2 20. Rxd2 Rd5 21. c4 Rdd8 22. Ne5 1/2-1/2

[Event "Frankfurt-ch"]
[Site "Frankfurt"]
[Date "2008.05.05"]
[Round "2"]
[White "Castillo, Melchor"]
[Black "Matthis, Peter"]
[Result "0-1"]
[WhiteElo "1439"]
[BlackElo "1775"]
[PlyCount "64"]
[EventDate "2008.04.28"]
[EventType "swiss"]
[EventRounds "7"]
[EventCountry "GER"]
[SourceTitle "EXT 2009"]
[Source "ChessBase"]
[SourceDate "2008.11.26"]
[SourceVersion "1"]
[SourceVersionDate "2008.11.26"]
[SourceQuality "1"]

1. e4 c6 2. Nf3 d5 3. Nc3 dxe4 4. Nxe4 Bf5 5. Ng3 Bg6 6. Bc4 e6 7. d4 Nd7 8. Be3 Be7 9. 0-0 Ngf6 10. Re1 h6 11. c3 0-0 12. Qd2 Nb6 13. Bb3 Nbd5 14. Bxh6 gxh6 15. Qxh6 Bd6 16. Ne5 Bxe5 17. dxe5 Ng4 18. Qh3 Qg5 19. Ne4 Qf4 20. g3 Qf5 21. Re2 Kg7 22. Qg2 Rh8 23. h4 Nxe5 24. Bc2 Nf3+ 25. Kf1 Qg4 26. Ng5 Bxc2 27. Rxc2 Nxg5 28. hxg5 Rh3 29. Re1 Rah8 30. Kg1 Qxg5 31. Rce2 Qh5 32. Re5 Rh1+ 0-1

[Event "Frankfurt-ch"]
[Site "Frankfurt"]
[Date "2006.05.22"]
[Round "5"]
[White "Orwatsch, Gerhard"]
[Black "Matthis, Peter"]
[Result "1-0"]
[WhiteElo "2005"]
[BlackElo "1786"]
[PlyCount "87"]
[EventDate "2006.04.24"]
[EventType "swiss"]
[EventRounds "7"]
[EventCountry "GER"]
[SourceTitle "EXT 2007"]
[Source "ChessBase"]
[SourceDate "2006.11.23"]
[SourceVersion "1"]
[SourceVersionDate "2006.11.23"]
[SourceQuality "1"]

1. d4 Nf6 2. Nf3 g6 3. Bf4 Bg7 4. e3 d6 5. h3 0-0 6. Bc4 Nbd7 7. 0-0 Nh5 8. Bh2 h6 9. c3 c6 10. Qc2 Kh7 11. Nbd2 e5 12. dxe5 Nxe5 13. Be2 Nxf3+ 14. Nxf3 d5 15. Rad1 Qe7 16. c4 Bf5 17. Qb3 Be6 18. Qc2 Bf5 19. Qc1 Be4 20. Nd2 Qg5 21. Nxe4 dxe4 22. Rd7 Be5 23. Bxe5 Qxe5 24. Rxb7 Rab8 25. Rxb8 Rxb8 26. b3 Rd8 27. Rd1 Rxd1+ 28. Qxd1 Nf6 29. Qd4 Qe7 30. b4 Kg8 31. b5 c5 32. Qd2 Nd7 33. a4 Kf8 34. a5 Ke8 35. Qd5 Qe5 36. Qa8+ Ke7 37. Qxa7 Qa1+ 38. Bf1 Ke6 39. Qb7 f5 40. a6 Qa5 41. a7 Nb6 42. Qc6+ Kf7 43. Qxc5 Qxa7 44. Qd4 1-0

[Event "Frankfurt-ch"]
[Site "Frankfurt"]
[Date "2006.05.02"]
[Round "2"]
[White "Matthis, Peter"]
[Black "Pluns, Matthias"]
[Result "1-0"]
[WhiteElo "1786"]
[BlackElo "1478"]
[PlyCount "43"]
[EventDate "2006.04.24"]
[EventType "swiss"]
[EventRounds "7"]
[EventCountry "GER"]
[SourceTitle "EXT 2007"]
[Source "ChessBase"]
[SourceDate "2006.11.23"]
[SourceVersion "1"]
[SourceVersionDate "2006.11.23"]
[SourceQuality "1"]

1. e4 c5 2. Nf3 a6 3. d4 cxd4 4. Nxd4 Nf6 5. Nc3 e5 6. Nf5 d5 7. Ng3 d4 8. Nb1 Be7 9. Be2 0-0 10. 0-0 Nc6 11. Nd2 b5 12. a4 b4 13. Nc4 a5 14. f4 Bc5 15. Kh1 Nd7 16. Bd3 Ba6 17. Nf5 Ne7 18. Qg4 Nxf5 19. Qxf5 exf4 20. Bxf4 Nf6 21. Bg5 Bc8 22. Qxc5 1-0